00413nam a2200133Ia 4500008004100000041000800041082001500049100001400064245002300078260003300101300003100134999001100165952010300176240624s9999 xx 000 0 und d aeng a658.83 GUP aGUPTA G L aMARKETING RESEARCH c2000aNew DelhibExcel Books avii, : 297 : p. : cm. ; 25 c44d44 00104070aIMTNbIMTNcRack 37-Bd2004-10-18o658.83 GUPp44r2024-06-24 00:00:00w2024-06-24yBK